00689 a2200241 4500650003200000260001000032630011500042650003100157100002700188260002300215245004800238300001100286650003200297650001700329650002700346650001800373260000900391300001000400100000700410037001000417037001000427037001000437 aAménagement du territoire aParis a91 - Geographie. Exploration de la terre, des diverses regions, des divers pays. Voyages. Geographie regionale a9 - GEOGRAPHIE ET HISTOIRE aBoudeville, Jacques R. bEd. M.-TH. Génin aAménagement du territoire et polarisation a279 p. aAménagement du territoire aPolarisation aPollution industrielle aEnvironnement c1972 b24 cm lFr aL4799 aL4800 aL4801